Регионална библиотека "Любен Каравелов" - Русе

Резитба на овощните дървета (Запис номер 39196)

MARC детайли
000 -Лидер
Контролно поле с фиксирана дължина nam a22 a 4500
003 - Код на организацията, давaща контролен номер
Контролно поле BLK
005 - Дата и час на последна редакция
Контролно поле 20211222135750.0
008 - Елементи от данни с фиксирана дължина
fixed length control field 180408b bul|||||r ||||||| ||bul||
010 ## - Наследен системен номер
LC control number KNG00042511000
040 ## - Източник на каталожния запис
Идентификатор на билиотеката - собственик на записа BLK
041 ## - Код за език
Код за езика на текст/звукозапис или на отделно заглавие Български
Код за езика КДБФ Български
080 ## - УДК
УДК код - определител по УДК 634.1/.7
УДК - код + определител 634.1/.7
100 1# - Редна дума - Автор
Автор Велков, Велко
Авторска отговорност първи автор
R(LIN) 276477
139 ## - Редно поле
Редна дума Велков, Велко
Авторски знак Велк - В 43
245 10 - Сведения за заглавието
Заглавие Резитба на овощните дървета
Редно поле (дума) Велко Велков.
250 ## - Област на изданието
Сведения за изданието 4. осн. прераб. изд.
257 ## - Страна на издаване
Страна на създаване/издаване България
260 ## - Област на издателските данни
Име на издателя, разпространителя и проч. Земиздат
Година на издаване 1961
Място на издаване, разпространение и проч. София
300 ## - Физическа характеристика
Страници 240 с. с ил.
Размери/Мащаб 20 см
380 ## - Жанр
Жанр Селско стопанство
650 #4 - Допълнително описание по предмет – тема
Основно описание – тема или топоним Овощарство - наръчници и ръководства
9 (RLIN) 242002
852 ## - Местоположение
Форматна сигнатура Цб 21357
856 4# - Електронен адрес и достъп
Електронен формат pdf - файл
856 4# - Електронен адрес и достъп
Електронен формат pdf - файл
999 ## - СИСТЕМНИ КОНТРОЛНИ НОМЕРА
Koha biblionumber 39196
Koha biblioitemnumber 39196
942 ## - АРТИКУЛИ
Вид на библиотечния материал Книги
Скрит в OPAC Не
Периодичен библиозапис Да
944 ## - СЪЗДАВАНЕ И РЕДАКЦИЯ на ЗАПИСА
Създаване/Редакция Създаване
Дата на регистрацията/редакция 30.08.2016
Служител, извършил регистрацията/редакцията Нора_Радева
944 ## - СЪЗДАВАНЕ И РЕДАКЦИЯ на ЗАПИСА
Създаване/Редакция Редакция
Дата на регистрацията/редакция 30.08.2016
Служител, извършил регистрацията/редакцията Нора_Радева
944 ## - СЪЗДАВАНЕ И РЕДАКЦИЯ на ЗАПИСА
Създаване/Редакция Редакция
Дата на регистрацията/редакция 2021-12-22
Служител, извършил регистрацията/редакцията ВК
999 ## - СИСТЕМНИ КОНТРОЛНИ НОМЕРА
Koha biblioitemnumber 39196
Наличности
Код за отписване Код за изгубен артикул Източник на класификационната схема Код за повреда Коз за рестрикции Код за отдаване Артикулен № Име на библиотеката - собственик Име на библиотеката, в която се намира в момента Статус (Текущо местоположение) Дата на вписване в системата Местоположение - отдел Цена в лева Инвентарен номер Систематично азбучна сигнатура Баркод Номер на екземпляра Цена в евро Служебна бележка Служебен тип на артикула
  Не е изгубен Universal Decimal Classification Не е повреден без рестрикции ползва се в читалня 61455 Регионална библиотека "Любен Каравелов" Русе Регионална библиотека "Любен Каравелов" Русе Хранилище 1961-01-01 Хранилище 0.67 2078/62 Цб 21357 900000087924 1 0.34 Дост: Dp Вид: Д N: сф Дата: 01.01.1961 Книги
Изтеглен Не е изгубен Universal Decimal Classification Не е повреден без рестрикции заемане за дома 61456 Регионална библиотека "Любен Каравелов" Русе Регионална библиотека "Любен Каравелов" Русе Заемна - подръчен фонд 1961-01-01 Заемна - подръчен фонд 0.00 594/62 П 634.1/.7/В 43 594/62 2 0.00 Вид: Сф Дата: 01.01.1961 Книги
Vip Innovations Ltd, Rousse, Bulgaria 2025